LIBRARY & INFORMATION CENTRE, KCAET, TAVANUR

ONLINE PUBLIC ACCESS CATALOGUE (OPAC)

Text book of quantitative inorganic analysis : Including elementory instrumental analysis / (Record no. 1545)

MARC details
000 -LEADER
fixed length control field 00460cam a2200157ua 4500
041 ## - LANGUAGE CODE
Language code of text/sound track or separate title eng
082 ## - DEWEY DECIMAL CLASSIFICATION NUMBER
Classification number 545
Item number VOG/TE
100 ## - MAIN ENTRY--AUTHOR NAME
Personal name Vogel, Arthur.I .
245 ## - TITLE STATEMENT
Title Text book of quantitative inorganic analysis : Including elementory instrumental analysis /
250 ## - EDITION STATEMENT
Edition statement 3 /
260 ## - PUBLICATION, DISTRIBUTION, ETC. (IMPRINT)
Place of publication :
Name of publisher The English Language book society ,
Year of publication 1964.
300 ## - PHYSICAL DESCRIPTION
Number of Pages 1216 ; .
942 ## - ADDED ENTRY ELEMENTS (KOHA)
Koha item type Books
Holdings
Withdrawn status Lost status Damaged status Home library Current library Date acquired Full call number Accession Number Koha item type
Withdrawn     KAUAET KAUAET 07/04/2012 545 VOG/TE 11388 Books
free website counter